Mikä nimi puuttuu biisistä? - Statistics

Yleistilastot
  • Tätä visaa on pelattu 121 kertaa
    103 viimeisimmän päivityksen jälkeen
  • Keskiarvotulos 15 / 47
Vastaustilastot
Hint Vastaus % Oikein
________ on toinen Koko kaupunki tietää sen sua ennen Cheek Jossulla
80%
Kun kuuntelen _______ Kun kuulen kuinka rummut lyö ja kitara komppaa Paula Koivuniemi Tomppaa
80%
_____ ja mä kaupungilla taas illat rullaillaan Kevätillassa, kauniissa äänet kaikuu taas Robin Tommi
79%
Sun villakoirasi nimi oli ___________ Leevi and the Leavings Rin-Tin-Tin
77%
______ kanssa landelle muutettiin Rahat ei riittänyt jäädä kaupunkiin Tää tila oli puoli-ilmainen Arttu Wiskari Sirpan
75%
Oi _____, _____, hei, naapurin _____ Millon sust on tullu seksipommi? Benjamin Tommi
75%
Mä luulin, et oisin siinä ite nyt sun kaa Mut sut saa joku, kuka olikaan, fucking _____ ________ Robin Antti Järvinen
73%
Aluks oli suo, kuokka ja _____ Olli Halonen Jussi
71%
Olin poika nimeltä _____ Enkä tiennyt oonko _____ vai _____ Leevi and the Leavings Päivi, Romeo, Julia
70%
Olen kaivannut sinua ________ Kun kohtalon tuuli kaarnalaivaa keinuttaa Leevi and the Leavings Kyllikki
67%
Minä halusin tavata _______ Sill tiesin sen viel minua etsivän Leevi and the Leavings Annelin
59%
_____ hei sun täytyy muuttuu sun elämältä suunta puuttuu Anssi Kela Milla
57%
Kaunis nuori nainen _____ on. Käytyään kauppaopiston, Anssi Kela Laura
44%
Siell siell se _____ on Alla omenapuun ei voi olla kukaan muu J.Karjalainen Väinö
44%
Ihailin Silloin ______ kadehdin Hänen elämänsä halusin Tanssilattialla sen housut putoo nilkkoihin Anssi Kela Roopea
40%
Taas naapurista riita kantautuu Papereistaan _____ jälleen luopuu Juha Tapio Tiina
37%
Huomaatko kuinka murheet ne kaikki menee piiloon? Tätä tunnetta ei pääse _____ pakoon. Jenni Vartiainen Jenni
35%
Sä tunsit mut aiemmin ________ Sitä poikaa ei enää olekaan Sä revit lehden muistokirjasta Oon sun mielestä poissa kokonaan J.Karjalainen Markkuna
34%
Aivan sama mulla onni on Kun ______ joskus minuun rakastui Arttu Wiskari Timppa
34%
Nyt mä kerron tarinan, on lisääntynyt juominen Vähän samaa sano joskus ______ ________ Portion Boys Jamppa Tuominen
31%
Entä jos oisi _______ kanssa kihlatkin ostettu? Entä jos lääkelaukkua ei ois Shellille unohdettu? Arttu Wiskari Irmelin
29%
Kamat kyydissä on etupenkkipaikasta riitaa Otin yhden kasetin _______ on kuitenkin liikaa PMMP Juholla
27%
Kun on vaihtamatta lakanat nuo Miks ei menty sinun luo oi Muistutat mun eksää ______ Arttu Wiskari Tarjaa
27%
Kun me erottiin sä laitoit minut nettiin Joku ____ mua katselee ja itseään koskettelee Jenni Vartiainen Ilpo
23%
Mietin usein yksin, mitä helvettiä teen Kaivan muistiinpanoistani ohjeen naapurin ______ Portion Boys Teuvon
22%
Mä olin niinku _______ Kolme toivetta vaan haaveisiin Ja ku soitan balladin Pukeudun _______ vaatteisiin Portion boys Aladdin,Aatamin
21%
Vuokses hyppäisin vaik hissikuiluun Kaltaisiis ei vastaan tuu ________ Arttu Wiskari Marjaana
21%
No, Ukkometson ______ Me katsellaan ku viinaa Pate Mustajärvi Liisaa
21%
Niin _____ panee kyllä minkä kerkii, muttei ______ leiju, jos ei makseta Haloo helsinki Peter, Helinä
21%
Mut sit kun jälkeen löylyjen. Istutaan ääreen juomien Ja kuunnellaan, kun _____ laulaa laulujaan Olli Halonen Rauli
20%
______ ja ________ he tuuleen maailman Katoaa ei toisiansa saa Ja rakkaus se särkyy pieniin palasiin Anna Eriksson Juliet, Joonatan
19%
Mä tahdon tavalliset hautajaiset Ja niiden jälkeen pienet kahvikekkerit Voi _____ naapurista tuoda kakkuja Ne sateen sattuessa täytyy suojata Samuli Putro Liisa
19%
Lunta on tullu tupaan niin paljon, et tarvii sukset On luokkaa __________ nää ahdistukset Erika Vikman& Käärijä Kari-Pekka
16%
No ________ on aika paljon nuorempi, kun kummankin puolella on hiuslaatu aina ollut suorempi. Leevi and the Leavings Mervihän
16%
_____ haluais mut juhlimaan viedä Jonnekin uuteen paikkaan Behm Noora
14%
Etupenkin ______ täytyy tänään vähän paijaa Tuli eilen jätetyksi eikä haluu juoda yksin Faija Maijaa
12%
Et "luojan kiitos sä et rakastunu _______" Laura Voutilainen Villeen
11%
Sä olit niinku _______ Portion Boys Marilyn
9%
Olin taas juonut illan, kun tapasin sen ______ Silmiin katsoi mua velhomaisin Faija Millan
9%
No, ______ laittaa soimaan vielä yhden laulun Ja itkee sitten yhden kyyneleen Pate Mustajärvi Reiska
9%
_____ hoitaa sulle jumppavaatteet puhtaat _____hoitaa teidät päiväks Tallinnaan Laura Voutilainen Laura
8%
Jos sen naapurin ______ vain omaksi saisin Häntä lempisin muulloinkin kun lauantaisin Arttu Wiskari Liisan
5%
Koko päivän _______ pyjamassa Menny liikaa aikaa taajamassa Jukka Poika Aatamin
2%
Hei aja vähän kovempaa. Silleen että vähän pelottaa Niinkuin silloin _____ kyydillä mentiin Olli Halonen Antin
0%
Sen sijaan toi naapurin _____ Vei mun paikan sun sydämeen Matti ja Teppo Lasse
0%
Mä piirsin valmiiksi kasvomme pahville Mä olen _____ ja sä olet _____ Mira Luoti Siiri, Hannu
0%
Kaunis _________ on hiukan palasina Hävis omaisuuden noihin kryptovaluuttoihin Faija Valentina
0%
Ehtoja vastaavia visoja ei löytynyt
Tulosjakauma
Jokaisen tuloksen saaneiden osuus
Persentiili vastausten määrän mukaan
Tuloshistoriasi
Et ole pelannut tätä visaa sen viimeisimmän päivityksen jälkeen